Social policy towards 2000: Squaring the welfare circle. (Record no. 619560)

MARC details
000 -LEADER
fixed length control field 00508nam a2200169 a 4500
008 - FIXED-LENGTH DATA ELEMENTS--GENERAL INFORMATION
fixed length control field 260416s2026##################000#0#eng##
020 ## - INTERNATIONAL STANDARD BOOK NUMBER
ISBN 9780415087070
082 04 - DEWEY DECIMAL CLASSIFICATION NUMBER
Classification number 361.610941 GEO
100 ## - MAIN ENTRY--AUTHOR NAME
Personal name George, Vic
245 10 - TITLE STATEMENT
Title Social policy towards 2000: Squaring the welfare circle.
Statement of responsibility, etc /Edit byb Vic George and Stewart Miller.
250 ## - EDITION STATEMENT
Edition statement 1st ed. reprint
260 ## - PUBLICATION, DISTRIBUTION, ETC. (IMPRINT)
Place of publication London:
Name of publisher Routledge,
Year of publication 1994.
300 ## - PHYSICAL DESCRIPTION
Number of Pages vii;256 p.
Dimensions 20 cm.
650 ## - SUBJECT ADDED ENTRY--TOPICAL TERM
Topical Term Social science
942 ## - ADDED ENTRY ELEMENTS (KOHA)
Koha item type English Books
Holdings
Withdrawn status Lost status Damaged status Not for loan Home library Current library Shelving location Date acquired Full call number Accession Number Price effective from Koha item type
        Anna Centenary Library Anna Centenary Library 4TH FLOOR, A WING 16.04.2026 361.610941 GEO 182025 16.04.2026 English Books

Find us on the map